Instrucciones para la población civil : fase 4a, instrucciones no. 2 / Jefatura Nacional de Defensa Pasiva. Estado Mayor fase 4a, instrucciones no. 2 / Jefatura Nacional de Defensa Pasiva. Estado Mayor
Descripción Física:
[5] p. ; 32 cm
MARC
| LEADER | 00000nam a2200000Ia 4500 | ||
|---|---|---|---|
| 001 | 21514 | ||
| 008 | 160829s1941 xx 000 0 cat d | ||
| 080 | |a FU-40-17 | ||
| 100 | |a Espanya. Jefatura Nacional de Defensa Pasiva. Estado Mayor |9 47677 | ||
| 245 | |a Instrucciones para la población civil : |b fase 4a, instrucciones no. 2 / Jefatura Nacional de Defensa Pasiva. Estado Mayor | ||
| 260 | |a Madrid : |b [s.n.], |c 1941 | ||
| 300 | |a [5] p. ; |c 32 cm | ||
| 590 | |a Prové de E-29, exp. 3 | ||
| 650 | |a Espanya. Jefatura Nacional de Defensa Pasiva | ||
| 856 | 4 | |u https://media.diba.cat/diba/fitxers/arxiu/fulletons/bib_21514_baixa.pdf |y Accés lliure | |
| 856 | 4 | |u https://media.diba.cat/diba/fitxers/arxiu/fulletons/bib_21514_baixa.pdf |y Accés lliure | |
| 901 | |a Arxiu | ||
| 942 | |n 1 |2 udc | ||
| 952 | |0 0 |1 0 |4 0 |6 FU4017 |7 1 |9 54031 |a Arxiu |b Arxiu |d 2016-12-01 |l 0 |o FU-40-17 |p 21514 |r 2016-12-01 00:00:00 |w 2016-12-01 |y ARXIU | ||
| 999 | |c 57899 |d 57899 | ||
| 900 | |a bib_21514_baixa.pdf | ||